Datum a čas kvízu
23
Celkem bodů
Celkový počet nahraných bodů na tomto kvízu bez doplňovacích otázek.
9.
Pořadí na kvízu
Konečné umístění týmu na tomto kvízu.
Zaznamenané odpovědi
| # | Otázka | Odpověď | Body | Výsledky |
|---|---|---|---|---|
| 1. | Největší český online prodejce... | Rohlik(.cz), Rabbit (CZ) | 0.5 | |
| 2. | Bývalý předseda vlády jedné ev... | Rakousko, Sebastian Kurz | 0 | |
| 3. | V úterý jsme se dozvěděli, že... | Blade Runner | 1 | |
| 4. | Japonští vědci minulý týden oz... | ze dřeva | 0 | |
| 5. | 34letý trojnásobný mistr světa... | Peter Sagan | 1 | |
| 6. | Součástí televizního programu... | Hodina pravdy | 1 | |
| 7. | Milovníkům AZ-kvízu či zábavný... | pěstební dělnice | 1 | |
| 8. | Mezi lety 1996 až 2006 vysílal... | Videostop | 1 | |
| 9. | V dnešní době je velmi populár... | 1A 2D 3C 4B | 1 | |
| 10. | Kdo z uvedených nikdy nemodero... | D | 1 |